[Event "IND-ch (Women) 47th"]
[Site "Bhubaneswar"]
[Date "2022.02.25"]
[Round "1"]
[White "Azal, Nasir"]
[Black "Priyanka, Nutakki"]
[Result "0-1"]
[WhiteElo "1459"]
[BlackElo "2301"]
[PlyCount "88"]
[EventDate "2022.02.25"]
[EventType "swiss"]
[EventRounds "9"]
[EventCountry "IND"]
[SourceTitle "CBM 207 Extra"]
[Source "ChessBase"]
[SourceDate "2022.05.31"]
[SourceVersion "1"]
[SourceVersionDate "2022.05.31"]
[SourceQuality "1"]

1. e4 e6 2. d4 d5 3. exd5 exd5 4. Nf3 Nf6 5. Bd3 Bd6 6. 0-0 0-0 7. Re1 c6 8. Bg5 Bg4 9. Nbd2 Nbd7 10. c4 Qc7 11. h3 Be6 12. Qc2 h6 13. Be3 Rfe8 14. Nh4 Bh2+ 15. Kh1 Bf4 16. Nf5 dxc4 17. Nxc4 Nd5 18. Bxf4 Qxf4 19. Ncd6 Bxf5 20. Nxf5 g6 21. Ng3 Nb4 22. Qc3 Nxd3 23. Qxd3 Qxf2 24. Qc3 Nb6 25. Ne4 Qf4 26. Nc5 Nd5 27. Qb3 b6 28. Rf1 Qxd4 29. Nd7 Red8 30. Rad1 Qg7 31. Rxd5 cxd5 32. Nf6+ Kh8 33. Nxd5 Qe5 34. Nf4 Rd7 35. Nd3 Qd5 36. Qc3+ Qd4 37. Qc6 Rad8 38. Rf3 Kg8 39. Qc2 Re7 40. Nf2 Re1+ 41. Kh2 Qe5+ 42. g3 Re3 43. Rf4 Rd4 44. Qc8+ Kg7 0-1